000 01198nam a22003377a 4500
003 CHAP
005 20220329143744.0
008 110610s1979 co r 00010 spa d
010 _a101473
011 _a102445
035 _a113133
040 _cCHAP
082 0 4 _a262.12
_bC76 1979
111 2 _aConferencia General del Episcopado Latinoamericano (
_n3 :
_d1979 :
_cBogotá, Col.)
_926461
245 1 0 _aPuebla :
_bla evangelización en el presente y en el futuro de América Latina
_c/por Consejo Episcopal Latinoamericano
250 _a4 ed.
260 _aBogotá :
_bCELAM,
_c1979
300 _a284 p.
590 _aBATCH-UPD
_b10
_c20130110
_lUCH01
_h0943
590 _aBATCH-UPD
_b10
_c20130410
_lUCH01
_h0559
590 _aBATCH-UPD
_b10
_c20130914
_lUCH01
_h1029
590 _aCONVERSION
_b10
_c20130109
_lUCH01
_h1356
650 1 4 _aAmerica Latina
_xDiscursos, ensayos, conferencias etc.
_95398
650 1 4 _aConferencias y reuniones.
_926637
650 1 4 _aCreencia y duda.
_928881
650 1 4 _aPuebla
_xVida social y costumbres.
_992883
650 1 4 _aReligión.
_995834
901 _aBK
942 _cLIBRO
949 _a262.12 C76 1979
_bBC
_cLIBRO
_d33724002249728
_eLIBRO
_h115206
_i113133
_sb
999 _c101473
_d101473